[Event "XXXIV Festival Conca della Presolana Magistrale"]
[Site "Bratto - Castione della Presolana ITA"]
[Date "2014.08.23"]
[Round "2"]
[White "Czakon, Jakub"]
[Black "Sharma, Dinesh K."]
[WhiteElo "2474"]
[BlackElo "2359"]
[Result "1-0"]
[PlyCount "127"]
[EventDate "2014.08.22"]

1. Nf3 Nf6 2. c4 g6 3. Nc3 Bg7 4. e4 d6 5. d4 O-O 6. h3 Na6 7. Bg5 Qe8 8. g4 c5
9. Qd2 Nb4 10. O-O-O h5 11. gxh5 Nxh5 12. Bh6 Nc6 13. Bxg7 Kxg7 14. d5 Ne5 15.
Be2 Rh8 16. Rdg1 Nxf3 17. Bxf3 a6 18. h4 b5 19. Ne2 bxc4 20. Qc3+ Nf6 21. e5
dxe5 22. Qxe5 Qd7 23. h5 Qf5 24. Qxe7 Ng8 25. Qe3 Qf6 26. hxg6 fxg6 27. Rxh8
Kxh8 28. Qe8 Rb8 29. Nc3 Kg7 30. Be4 Qf4+ 31. Kb1 Bf5 32. Rxg6+ Bxg6 33. Qxg6+
Kf8 34. Qxa6 Nf6 35. Bc2 Re8 36. a3 Re1+ 37. Ka2 Qxf2 38. Bb1 Re8 39. Qxc4 Rb8
40. Nb5 Ne8 41. a4 Nf6 42. Bc2 Rd8 43. Nc7 Rd7 44. Ne6+ Ke7 45. Bb3 Kd6 46.
Qa6+ Ke5 47. Nxc5 Rxd5 48. Bxd5 Kxd5 49. Qb7+ Kd6 50. Qb8+ Kd5 51. Nd3 Qh4 52.
Qb5+ Ke6 53. Qc6+ Ke7 54. a5 Nd5 55. Kb3 Qh1 56. a6 Qd1+ 57. Kc4 Ne3+ 58. Kd4
Nf5+ 59. Kc3 Qg4 60. Qc5+ Ke6 61. a7 Nd6 62. a8=Q Ne4+ 63. Qxe4+ Qxe4 64. Qc4+
1-0

[Event "XXXIV Festival Conca della Presolana Magistrale"]
[Site "Bratto - Castione della Presolana ITA"]
[Date "2014.08.23"]
[Round "2"]
[White "Gilevych, Artem"]
[Black "Ulybin, Mikhail"]
[WhiteElo "2362"]
[BlackElo "2501"]
[Result "1/2-1/2"]
[PlyCount "55"]
[EventDate "2014.08.22"]

1. d4 d5 2. c4 c5 3. cxd5 Qxd5 4. Nf3 cxd4 5. Qxd4 Nf6 6. Nc3 Qxd4 7. Nxd4 Bd7
8. e4 Nc6 9. Nxc6 Bxc6 10. f3 e6 11. Be3 a6 12. Be2 Be7 13. Kf2 O-O 14. Rhd1
Rfc8 15. Rac1 Kf8 16. Nb1 Ba4 17. Rxc8+ Rxc8 18. Rc1 Rxc1 19. Bxc1 Bc5+ 20. Be3
Bxe3+ 21. Kxe3 e5 22. Nc3 Bd7 23. b4 Ke7 24. Bc4 Be6 25. Kd3 Kd6 26. a4 Nd7 27.
a5 b6 28. Bxe6 1/2-1/2

[Event "XXXIV Festival Conca della Presolana Magistrale"]
[Site "Bratto - Castione della Presolana ITA"]
[Date "2014.08.23"]
[Round "2"]
[White "Gleizerov, Evgeny"]
[Black "Ricci, Marco"]
[WhiteElo "2552"]
[BlackElo "2061"]
[Result "1-0"]
[PlyCount "68"]
[EventDate "2014.08.22"]

1. d4 Nf6 2. c4 g6 3. Nc3 Bg7 4. e4 d6 5. Nf3 O-O 6. Be2 e5 7. O-O Nc6 8. d5
Ne7 9. Nd2 a5 10. a3 Nd7 11. Rb1 f5 12. b4 Kh8 13. Qc2 Ng8 14. exf5 gxf5 15. f4
Ne7 16. Nf3 e4 17. Ne1 axb4 18. axb4 c6 19. Be3 cxd5 20. Nxd5 Nxd5 21. cxd5 Nb6
22. Qd2 Na4 23. Rb3 Bd7 24. Nc2 Nb6 25. Bd4 Ra2 26. Rc1 Ba4 27. Rg3 Bxd4+ 28.
Qxd4+ Qf6 29. Qxb6 Rxc2 30. Rxc2 Bxc2 31. h3 Qe7 32. Rc3 Ba4 33. Rc7 Qh4 34.
Qxd6 Re8 $138 1-0

[Event "XXXIV Festival Conca della Presolana Magistrale"]
[Site "Bratto - Castione della Presolana ITA"]
[Date "2014.08.23"]
[Round "2"]
[White "Harshal, Shahi"]
[Black "Hunt, Adam C."]
[WhiteElo "2159"]
[BlackElo "2428"]
[Result "1/2-1/2"]
[PlyCount "40"]
[EventDate "2014.08.22"]

1. e4 c5 2. Nf3 d6 3. d4 cxd4 4. Nxd4 Nf6 5. Nc3 a6 6. Be3 e5 7. Nb3 Qc7 8. Be2
Be7 9. O-O O-O 10. a4 b6 11. Nd2 Bb7 12. Nc4 Nbd7 13. f3 Rfd8 14. a5 b5 15. Nb6
Rab8 16. Bxb5 axb5 17. Nxb5 Qc6 18. Na7 Qc7 19. Nb5 Qc6 20. Na7 Qc7 1/2-1/2

[Event "XXXIV Festival Conca della Presolana Magistrale"]
[Site "Bratto - Castione della Presolana ITA"]
[Date "2014.08.23"]
[Round "2"]
[White "Kohlweyer, Bernd"]
[Black "Magrini, Fabrizio"]
[WhiteElo "2422"]
[BlackElo "2198"]
[Result "1-0"]
[PlyCount "51"]
[EventDate "2014.08.22"]

1. d4 Nf6 2. c4 c5 3. d5 e6 4. Nc3 exd5 5. cxd5 d6 6. Nf3 g6 7. Bf4 a6 8. e4 b5
9. Be2 b4 10. Na4 Nxe4 11. a3 Bg7 12. axb4 cxb4 13. Qd3 Nf6 14. Qe3+ Kf8 15.
Nb6 Ng4 16. Qc1 Bc3+ 17. bxc3 Qxb6 18. O-O b3 19. Qa3 a5 20. Nd4 a4 21. Nxb3
Kg7 22. Nd2 Re8 23. Bxg4 Bxg4 24. Nc4 Qc7 25. Nxd6 Rd8 26. Ne8+ 1-0

[Event "XXXIV Festival Conca della Presolana Magistrale"]
[Site "Bratto - Castione della Presolana ITA"]
[Date "2014.08.23"]
[Round "2"]
[White "Locatelli, Andrea"]
[Black "Ranfagni, Stefano"]
[WhiteElo "2138"]
[BlackElo "2042"]
[Result "1-0"]
[PlyCount "135"]
[EventDate "2014.08.22"]

1. e4 e5 2. Nf3 Nc6 3. Bc4 Bc5 4. c3 Nf6 5. d3 d6 6. O-O Be6 7. Bb3 h6 8. d4
exd4 9. cxd4 Bxb3 10. Qxb3 Bxd4 11. Qxb7 Kd7 12. Qb5 Rb8 13. Qd3 Be5 14. Nbd2
Ke7 15. Nc4 Nd7 16. Bd2 Bf6 17. Rac1 Nce5 18. Nfxe5 Nxe5 19. Nxe5 Bxe5 20. b3
c5 21. Be3 g6 22. f4 Bb2 23. Rc2 Ba3 24. Qa6 Bb4 25. Qxa7+ Qd7 26. Qxd7+ Kxd7
27. e5 Rhe8 28. Rd1 Re6 29. Bf2 Kc6 30. exd6 Rxd6 31. Rxd6+ Kxd6 32. f5 Re8 33.
fxg6 fxg6 34. Kf1 Kd5 35. Re2 Ra8 36. Be3 h5 37. Bf2 c4 38. bxc4+ Kxc4 39. Re6
Rxa2 40. Rxg6 Kd3 41. Rg3+ Ke4 42. Re3+ Kf4 43. g3+ Kf5 44. Rf3+ Kg6 45. Rb3
Ra1+ 46. Kg2 Ba5 47. h4 Bd8 48. Kf3 Be7 49. Rb6+ Kf5 50. Rh6 Ra3+ 51. Be3 Bf6
52. Rxh5+ Kg6 53. Rd5 Ra4 54. h5+ Kf7 55. Bf4 Ra1 56. Rd7+ Ke6 57. Rd6+ Ke7 58.
Rc6 Rh1 59. Kg4 Kf7 60. h6 Rh2 61. Bg5 Be5 62. Rb6 Rh1 63. Bh4 Rf1 64. Kh5 Rf5+
65. Bg5 Bxg3 66. Rb7+ Kg8 67. Kg6 Rf8 68. Bf6 1-0

[Event "XXXIV Festival Conca della Presolana Magistrale"]
[Site "Bratto - Castione della Presolana ITA"]
[Date "2014.08.23"]
[Round "2"]
[White "Nicolo', Filippo"]
[Black "Steingrimsson, Hedinn"]
[WhiteElo "2066"]
[BlackElo "2536"]
[Result "0-1"]
[PlyCount "71"]
[EventDate "2014.08.22"]

1. e4 c5 2. Nc3 Nc6 3. f4 g6 4. Nf3 Bg7 5. Bb5 Nd4 6. O-O Nxb5 7. Nxb5 d5 8. e5
d4 9. d3 Nh6 10. Qe1 Nf5 11. a4 h5 12. Na3 b6 13. Nc4 Qd5 14. Bd2 Bb7 15. b3
Rb8 16. Qe2 h4 17. Rae1 Ba8 18. Nb2 Kf8 19. Nc4 f6 20. exf6 exf6 21. Qe6 Qxe6
22. Rxe6 Kf7 23. Re2 a6 24. Kf2 b5 25. axb5 axb5 26. Nb2 Bd5 27. Ra1 Ra8 28.
Ree1 Rhc8 29. g4 hxg3+ 30. hxg3 Nh6 31. Nh2 f5 32. Rxa8 Rxa8 33. Rb1 Ng4+ 34.
Nxg4 fxg4 35. Rg1 Bf3 36. Rb1 0-1

[Event "XXXIV Festival Conca della Presolana Magistrale"]
[Site "Bratto - Castione della Presolana ITA"]
[Date "2014.08.23"]
[Round "2"]
[White "Pakleza, Zbigniew"]
[Black "Sveshnikov, Vladimir"]
[WhiteElo "2498"]
[BlackElo "2380"]
[Result "1-0"]
[PlyCount "105"]
[EventDate "2014.08.22"]

1. Nf3 d5 2. c4 e6 3. g3 dxc4 4. Qa4+ Bd7 5. Qxc4 c5 6. Bg2 Nc6 7. O-O Rc8 8.
d4 b5 9. Qd3 c4 10. Qc2 Be7 11. a4 a6 12. axb5 axb5 13. Nc3 Nf6 14. Bg5 Qb6 15.
Rad1 O-O 16. Bxf6 Bxf6 17. Ne4 Be7 18. Neg5 g6 19. Qc1 f6 20. Ne4 Nb4 21. Bh3
Rcd8 22. Qh6 Nd5 23. Rfe1 Bc8 24. Nh4 Rf7 25. Nc3 b4 26. Na4 Qb5 27. Nc5 Bf8
28. Qc1 Nc7 29. Ne4 f5 30. Nd2 Ba6 31. Nhf3 Nd5 32. e4 Nf6 33. exf5 exf5 34.
Bf1 Rc7 35. b3 Qb7 36. bxc4 Bh6 37. Qb2 Ne4 38. Nxe4 fxe4 39. Ne5 b3 40. Bh3
Bg7 41. Be6+ Kh8 42. c5 Bd3 43. c6 Qb6 44. Qxb3 Qxd4 45. Nf7+ Rxf7 46. Bxf7 Rf8
47. c7 Be5 48. Rc1 Ba6 49. Red1 Qb2 50. Qxb2 Bxb2 51. Rd8 Kg7 52. Rxf8 Kxf8 53.
Rc6 1-0

[Event "XXXIV Festival Conca della Presolana Magistrale"]
[Site "Bratto - Castione della Presolana ITA"]
[Date "2014.08.23"]
[Round "2"]
[White "Pitzanti, Matteo"]
[Black "Sulava, Nenad"]
[WhiteElo "1967"]
[BlackElo "2462"]
[Result "0-1"]
[PlyCount "68"]
[EventDate "2014.08.22"]

1. d4 Nf6 2. Nf3 d5 3. e3 g6 4. Be2 Bg7 5. O-O O-O 6. c4 dxc4 7. Bxc4 c5 8. Nc3
cxd4 9. exd4 Nc6 10. h3 Na5 11. Be2 Be6 12. Bf4 Rc8 13. Bh2 Nd5 14. Ne4 Nb4 15.
Nc5 Bd5 16. a3 Nbc6 17. b4 Bxf3 18. Bxf3 Nxd4 19. Bxb7 Rxc5 20. bxa5 Qxa5 21.
Ra2 Rd8 22. Qg4 Qb6 23. Bf3 Qb3 24. Rd2 f5 25. Bd1 Qc3 26. Qg5 Bf6 27. Qh6 Qxd2
28. Qxd2 Nf3+ 29. gxf3 Rxd2 30. Bb3+ Kg7 31. Bf4 Rd3 32. Be3 Bd4 33. Bxd4+ Rxd4
34. Re1 e5 0-1

[Event "XXXIV Festival Conca della Presolana Magistrale"]
[Site "Bratto - Castione della Presolana ITA"]
[Date "2014.08.23"]
[Round "2"]
[White "Podini, Francesco"]
[Black "Bonato, Mariano"]
[WhiteElo "2031"]
[BlackElo "2139"]
[Result "1/2-1/2"]
[PlyCount "109"]
[EventDate "2014.08.22"]

1. e4 e5 2. Bc4 Bc5 3. Nc3 Nc6 4. d3 d6 5. Qh5 Qf6 6. Nf3 g6 7. Qg5 h6 8. Qxf6
Nxf6 9. h3 Na5 10. Bb3 Nxb3 11. axb3 a6 12. O-O Kf8 13. Rd1 Kg7 14. d4 exd4 15.
Nxd4 Re8 16. f3 c6 17. Bf4 b5 18. Kf1 Bb7 19. Rd2 Rad8 20. Re1 Bb4 21. Nde2 d5
22. e5 Nd7 23. Nc1 c5 24. N1a2 d4 25. Red1 dxc3 26. bxc3 Ba5 27. Rxd7 Bc8 28.
Rxd8 Rxd8 29. Rxd8 Bxd8 30. Be3 Be7 31. Ke2 Be6 32. Kd2 g5 33. Kc1 Kg6 34. Kb2
Kf5 35. Nc1 Kxe5 36. Nd3+ Kd5 37. b4 cxb4 38. Nxb4+ Bxb4 39. cxb4 Kc4 40. c3
Kd3 41. Bd4 Ke2 42. Bg7 h5 43. Bf6 Kf2 44. g4 hxg4 45. fxg4 Kg3 46. Bxg5 Kxh3
47. Kc2 Kxg4 48. Bf6 Kf5 49. Bd4 Ke4 50. Kd2 Kf3 51. Bf6 Bc4 52. Ke1 Kg2 53.
Bd4 f5 54. Bf2 Kf3 55. Bd4 1/2-1/2

[Event "XXXIV Festival Conca della Presolana Magistrale"]
[Site "Bratto - Castione della Presolana ITA"]
[Date "2014.08.23"]
[Round "2"]
[White "Rambaldi, Francesco"]
[Black "Qendro, Llambi"]
[WhiteElo "2444"]
[BlackElo "2330"]
[Result "1/2-1/2"]
[PlyCount "71"]
[EventDate "2014.08.22"]

1. d4 g6 2. g3 Bg7 3. Bg2 d6 4. Nf3 Nf6 5. O-O O-O 6. c4 Nbd7 7. Qc2 e5 8. Rd1
exd4 9. Nxd4 Re8 10. Nc3 a5 11. b3 Nc5 12. e4 Bd7 13. f3 Qc8 14. Rb1 Bh3 15.
Be3 Bxg2 16. Kxg2 Nfd7 17. Bf2 Ne5 18. Nd5 Ne6 19. Qd2 a4 20. h3 axb3 21. axb3
Ra6 22. f4 Nxd4 23. Bxd4 Nd7 24. Bxg7 Kxg7 25. Qd4+ f6 26. Rb2 Qd8 27. Re1 Ra3
28. Nc3 Nc5 29. e5 Rxb3 30. Rxb3 Nxb3 31. exf6+ Kf8 32. Rxe8+ Qxe8 33. Qd3 Nc5
34. Qd4 Nb3 35. Qd3 Nc5 36. Qd4 1/2-1/2

[Event "XXXIV Festival Conca della Presolana Magistrale"]
[Site "Bratto - Castione della Presolana ITA"]
[Date "2014.08.23"]
[Round "2"]
[White "Ranieri, Fabrizio"]
[Black "Janev, Evgeni"]
[WhiteElo "2247"]
[BlackElo "2439"]
[Result "1-0"]
[PlyCount "65"]
[EventDate "2014.08.22"]

1. e4 Nf6 2. Nc3 e5 3. Nf3 d6 4. d4 exd4 5. Nxd4 Be7 6. Bc4 O-O 7. O-O c6 8. a4
Re8 9. Re1 Bf8 10. Bg5 Nbd7 11. a5 Ne5 12. Bb3 h6 13. Bh4 Bd7 14. h3 Rc8 15.
Bg3 Qc7 16. Kh1 Rcd8 17. f4 Ng6 18. Qf3 Bc8 19. Bf2 Nd7 20. h4 Nf6 21. h5 Bg4
22. hxg6 Bxf3 23. gxf7+ Kh7 24. fxe8=Q Bxg2+ 25. Kxg2 Rxe8 26. Ne6 Qd7 27. f5
d5 28. exd5 Bb4 29. Red1 Bxc3 30. bxc3 Qf7 31. Ng5+ hxg5 32. dxc6 Nd5 33. Rxd5
1-0

[Event "XXXIV Festival Conca della Presolana Magistrale"]
[Site "Bratto - Castione della Presolana ITA"]
[Date "2014.08.23"]
[Round "2"]
[White "Razzano, Lorenzo"]
[Black "Ceccarini, Marco"]
[WhiteElo "1990"]
[BlackElo "2094"]
[Result "0-1"]
[PlyCount "80"]
[EventDate "2014.08.22"]

1. e4 e5 2. Bc4 Nf6 3. Nc3 Nc6 4. d3 Na5 5. Nf3 Nxc4 6. dxc4 Bb4 7. Qd3 Bxc3+
8. Qxc3 d6 9. Qd3 Qe7 10. h3 Bd7 11. Bg5 Bc6 12. Nd2 Qe6 13. Bxf6 Qxf6 14. b4
O-O 15. O-O Qf4 16. Rae1 b6 17. Re3 f5 18. Rf3 fxe4 19. Rxf4 exd3 20. Rxf8+
Rxf8 21. cxd3 Rf4 22. Re1 b5 23. Ne4 bxc4 24. g3 Rf3 25. dxc4 Bxe4 26. Rxe4 Ra3
27. Re2 Rc3 28. c5 dxc5 29. Rxe5 cxb4 30. Ra5 Rc1+ 31. Kg2 Ra1 32. Rxa7 b3 33.
Rb7 bxa2 34. Rb2 Kf7 35. Kf3 Ke6 36. Rd2 c5 37. Kf4 c4 38. h4 c3 39. Rc2 Kd5
40. Rxc3 Rf1 0-1

[Event "XXXIV Festival Conca della Presolana Magistrale"]
[Site "Bratto - Castione della Presolana ITA"]
[Date "2014.08.23"]
[Round "2"]
[White "Scagliotti, Mauro"]
[Black "Valenti, Giuseppe"]
[WhiteElo "2043"]
[BlackElo "2153"]
[Result "1/2-1/2"]
[PlyCount "131"]
[EventDate "2014.08.22"]

1. e4 c5 2. Nc3 Nc6 3. g3 g6 4. Bg2 Bg7 5. d3 d6 6. f4 e6 7. Nf3 Nge7 8. O-O
Nd4 9. Be3 O-O 10. Qd2 Nec6 11. Rab1 Qa5 12. a3 Bd7 13. Ne1 Rab8 14. Qf2 f5 15.
Nd1 e5 16. c3 Ne6 17. Qd2 Ne7 18. Nf3 Qc7 19. Nh4 exf4 20. gxf4 Rbe8 21. Nf2 d5
22. exd5 Nd4 23. Nh3 Nc8 24. Rbe1 Nb3 25. Qf2 Nd6 26. Kh1 c4 27. dxc4 Nxc4 28.
Nf3 b6 29. Bd4 Nxd4 30. Nxd4 Qc5 31. Ne6 Qxf2 32. Rxf2 Nd6 33. Rfe2 Bb5 34. Rd2
Bf6 35. Red1 Rf7 36. Nhg5 Rfe7 37. Bf1 Bd7 38. Nc7 Rc8 39. Nge6 Ba4 40. Rc1
Rexc7 41. Nxc7 Rxc7 42. Bg2 Kf7 43. h3 Rc4 44. Rf1 h6 45. Kh2 g5 46. fxg5 hxg5
47. Re1 Bd7 48. Bf3 Rh4 49. Kg2 g4 50. hxg4 fxg4 51. Bd1 Rh3 52. Rde2 Nf5 53.
Re4 Nh4+ 54. Kg1 Rg3+ 55. Kh2 Rg2+ 56. Kh1 Rxb2 57. R4e2 Rxe2 58. Rxe2 Bxc3 59.
Re4 Bf5 60. Ra4 Nf3 61. Rxa7+ Kf6 62. d6 Ne5 63. Rc7 Bd4 64. Ba4 g3 65. Kg2
Be4+ 66. Kxg3 1/2-1/2

[Event "XXXIV Festival Conca della Presolana Magistrale"]
[Site "Bratto - Castione della Presolana ITA"]
[Date "2014.08.23"]
[Round "2"]
[White "Ventura, Salvatore"]
[Black "Ferro, Mario"]
[WhiteElo "2059"]
[BlackElo "2242"]
[Result "0-1"]
[PlyCount "70"]
[EventDate "2014.08.22"]

1. c4 e5 2. g3 Nc6 3. Nc3 g6 4. Bg2 Bg7 5. e4 Nge7 6. Nge2 Nd4 7. Nxd4 exd4 8.
Ne2 Rb8 9. d3 O-O 10. O-O c5 11. a3 b5 12. cxb5 Rxb5 13. b4 cxb4 14. axb4 Qb6
15. Bd2 d5 16. Qa4 a6 17. Nf4 dxe4 18. Bxe4 Be5 19. Rab1 Bb7 20. Rfc1 Rd8 21.
Bxb7 Qxb7 22. Rc4 g5 23. Ne2 Bf6 24. Rf1 Qf3 25. Qxa6 Rf5 26. Nc1 Ra8 27. Qd6
Kg7 28. Rc5 Nd5 29. Qc6 Ra7 30. Rc4 h5 31. h3 Be5 32. Ne2 Rc7 33. Qa8 Qxd3 34.
Nxd4 Bxd4 35. Rxc7 Qxg3+ 0-1

[Event "XXXIV Festival Conca della Presolana Magistrale"]
[Site "Bratto - Castione della Presolana ITA"]
[Date "2014.08.24"]
[Round "3"]
[White "Attuati, Stefano"]
[Black "Cattaneo, Marco"]
[WhiteElo "2006"]
[BlackElo "2151"]
[Result "0-1"]
[PlyCount "54"]
[EventDate "2014.08.22"]

1. g4 d5 2. Bg2 c6 3. h3 e5 4. d4 Nd7 5. c4 dxc4 6. Nf3 exd4 7. Qxd4 Nb6 8.
Qxd8+ Kxd8 9. Bf4 Nf6 10. Nc3 Nfd5 11. O-O-O Ke8 12. Nxd5 Nxd5 13. Bg3 Be6 14.
Ne5 c3 15. e4 cxb2+ 16. Kxb2 Nb6 17. Rd3 Be7 18. Rhd1 h5 19. f4 hxg4 20. hxg4
Nc4+ 21. Nxc4 Bxc4 22. Rd7 Rd8 23. Rxd8+ Bxd8 24. Rd4 Ba6 25. Kb3 Bh4 26. Bh2
Bf2 27. Rd2 Be3 0-1

[Event "XXXIV Festival Conca della Presolana Magistrale"]
[Site "Bratto - Castione della Presolana ITA"]
[Date "2014.08.24"]
[Round "3"]
[White "Bianco, Valerio"]
[Black "Razzano, Lorenzo"]
[WhiteElo "2058"]
[BlackElo "1990"]
[Result "1/2-1/2"]
[PlyCount "42"]
[EventDate "2014.08.22"]

1. Nf3 Nf6 2. g3 b5 3. Bg2 Bb7 4. O-O e6 5. d3 d5 6. Nbd2 c5 7. Re1 Be7 8. e4
Qc7 9. a4 a6 10. axb5 axb5 11. Rxa8 Bxa8 12. exd5 Bxd5 13. Ne4 O-O 14. Bf4 Qb6
15. Ne5 Bxe4 16. dxe4 Rd8 17. Qe2 Nbd7 18. Rd1 Nxe5 19. Bxe5 c4 20. h3 Rxd1+
21. Qxd1 Qd8 1/2-1/2

[Event "XXXIV Festival Conca della Presolana Magistrale"]
[Site "Bratto - Castione della Presolana ITA"]
[Date "2014.08.24"]
[Round "3"]
[White "Bonassi, Tommaso"]
[Black "Ventura, Salvatore"]
[WhiteElo "2012"]
[BlackElo "2059"]
[Result "1-0"]
[PlyCount "65"]
[EventDate "2014.08.22"]

1. e4 c5 2. d3 g6 3. Nd2 Bg7 4. Ngf3 Nc6 5. c3 e5 6. g3 Nge7 7. Bg2 O-O 8. O-O
d6 9. Nc4 b5 10. Ne3 Rb8 11. h4 h6 12. a4 a6 13. axb5 axb5 14. Nh2 f5 15. Qb3+
Kh7 16. f4 exf4 17. gxf4 b4 18. Qc2 bxc3 19. bxc3 Nb4 20. Qd2 Ba6 21. cxb4 Bxa1
22. Qa2 Bxd3 23. Qxa1 Bxf1 24. Nhxf1 fxe4 25. Ng4 Nd5 26. Bxe4 Nxf4 27. Qa7+
Kg8 28. Nxh6+ Kh8 29. Bb2+ Rf6 30. Nf7+ Kg8 31. Nxd8 Ne2+ 32. Kg2 Nf4+ 33. Kh2
1-0

[Event "XXXIV Festival Conca della Presolana Magistrale"]
[Site "Bratto - Castione della Presolana ITA"]
[Date "2014.08.24"]
[Round "3"]
[White "Bonato, Mariano"]
[Black "Scagliotti, Mauro"]
[WhiteElo "2139"]
[BlackElo "2043"]
[Result "1-0"]
[PlyCount "57"]
[EventDate "2014.08.22"]

1. e4 c6 2. d4 d5 3. Nd2 dxe4 4. Nxe4 Nd7 5. Nf3 Ngf6 6. Ng3 e6 7. Bd3 Be7 8.
Qe2 O-O 9. Bd2 c5 10. O-O-O Qc7 11. h4 a6 12. Ng5 cxd4 13. Nf5 Bc5 14. Ng3 Ne5
15. f4 Nxd3+ 16. Qxd3 g6 17. h5 Ng4 18. N3e4 f5 19. Nxc5 Qxc5 20. hxg6 h6 21.
Qh3 Kg7 22. Nf7 Rxf7 23. gxf7 Kxf7 24. Qh5+ Kg7 25. Be1 Bd7 26. Rxd4 Be8 27.
Qh4 Rc8 28. Bc3 Kh7 29. Rc4 1-0

[Event "XXXIV Festival Conca della Presolana Magistrale"]
[Site "Bratto - Castione della Presolana ITA"]
[Date "2014.08.24"]
[Round "3"]
[White "Castaldo, Folco"]
[Black "Pakleza, Zbigniew"]
[WhiteElo "2436"]
[BlackElo "2498"]
[Result "1/2-1/2"]
[PlyCount "58"]
[EventDate "2014.08.22"]

1. d4 f5 2. g3 Nf6 3. Bg2 g6 4. c3 Bg7 5. Qb3 Nc6 6. Nf3 e6 7. Bg5 h6 8. Bxf6
Qxf6 9. Nbd2 O-O 10. O-O Kh8 11. e4 d6 12. d5 Nd8 13. dxe6 Nxe6 14. Rae1 Nc5
15. Qc2 c6 16. Nh4 g5 17. Nxf5 Bxf5 18. exf5 Qxf5 19. Qxf5 Rxf5 20. Ne4 Nxe4
21. Rxe4 Raf8 22. Re7 Rb5 23. Re2 Re5 24. Rxe5 Bxe5 25. Re1 Kg7 26. Re2 Bf6 27.
Be4 h5 28. c4 a5 29. b3 Re8 1/2-1/2

[Event "XXXIV Festival Conca della Presolana Magistrale"]
[Site "Bratto - Castione della Presolana ITA"]
[Date "2014.08.24"]
[Round "3"]
[White "David, Alberto"]
[Black "Kohlweyer, Bernd"]
[WhiteElo "2565"]
[BlackElo "2422"]
[Result "1-0"]
[PlyCount "83"]
[EventDate "2014.08.22"]

1. e4 c5 2. Nf3 d6 3. d4 cxd4 4. Nxd4 Nf6 5. Nc3 a6 6. a4 e6 7. Be2 Be7 8. O-O
Nc6 9. Be3 O-O 10. f4 Bd7 11. Nb3 Na5 12. Nxa5 Qxa5 13. Qe1 Qc7 14. a5 Rae8 15.
Qg3 Bc6 16. Bd3 g6 17. Qh3 d5 18. e5 Ne4 19. Bxe4 dxe4 20. Bb6 Qc8 21. Qe3 f5
22. exf6 Bxf6 23. Nxe4 Bxe4 24. Qxe4 Bxb2 25. Rad1 Rf7 26. c4 Bg7 27. Rfe1 Rd7
28. g3 Bf6 29. Kg2 Kg7 30. Qf3 Ree7 31. c5 Rxd1 32. Rxd1 Rd7 33. Rd6 Kf7 34.
Qe4 Rxd6 35. cxd6 Ke8 36. Bc7 Bd8 37. Qe5 Bxc7 38. dxc7 Kd7 39. Qg7+ Kd6 40.
Qxh7 Qxc7 41. Qxc7+ Kxc7 42. h4 1-0

[Event "XXXIV Festival Conca della Presolana Magistrale"]
[Site "Bratto - Castione della Presolana ITA"]
[Date "2014.08.24"]
[Round "3"]
[White "Ferro, Mario"]
[Black "Murgia, Andrea"]
[WhiteElo "2242"]
[BlackElo "1967"]
[Result "1-0"]
[PlyCount "89"]
[EventDate "2014.08.22"]

1. Nf3 f5 2. d3 d6 3. e4 e5 4. Nc3 Nf6 5. exf5 Bxf5 6. d4 e4 7. Nh4 Qd7 8. Qe2
Nc6 9. d5 Ne5 10. Nxf5 Qxf5 11. Qb5+ Kf7 12. Nd1 Be7 13. Ne3 Qg6 14. Qxb7 Nfd7
15. Be2 Rhf8 16. Bd2 Nc5 17. Qxc7 Rac8 18. Qa5 Kg8 19. Bc3 Bh4 20. Rf1 Qh6 21.
Bxe5 Qxe3 22. g3 Qh6 23. gxh4 dxe5 24. h5 Qf4 25. Qd2 e3 26. Qxe3 Qb4+ 27. c3
Qxb2 28. Qc1 Qb7 29. Rg1 Ne4 30. Qe3 Qb2 31. Rc1 Rxf2 32. Qxe4 Rxe2+ 33. Qxe2
Qxc1+ 34. Kf2 Qf4+ 35. Kg2 Rxc3 36. Kh1 Qf3+ 37. Qxf3 Rxf3 38. h6 g6 39. Rb1
Kf7 40. Rb7+ Kf6 41. Rxh7 Ra3 42. Rc7 e4 43. h7 Rh3 44. Kg2 Rh5 45. d6 1-0

[Event "XXXIV Festival Conca della Presolana Magistrale"]
[Site "Bratto - Castione della Presolana ITA"]
[Date "2014.08.24"]
[Round "3"]
[White "Gentili, Gianguido"]
[Black "Bresciani, Nicola"]
[WhiteElo "2099"]
[BlackElo "2226"]
[Result "1/2-1/2"]
[PlyCount "85"]
[EventDate "2014.08.22"]

1. e4 c5 2. Nf3 d6 3. Bd3 Nc6 4. h3 g6 5. c3 Bg7 6. O-O e5 7. Bb5 Nge7 8. d4
exd4 9. cxd4 cxd4 10. Nxd4 O-O 11. Be3 d5 12. Bxc6 Nxc6 13. exd5 Qxd5 14. Nc3
Qc4 15. Nxc6 bxc6 16. Rc1 Be6 17. b3 Qb4 18. Na4 Rfd8 19. Qc2 Bd5 20. Nc5 a5
21. Rfd1 Qh4 22. Rd2 Re8 23. Re2 f5 24. Nd3 g5 25. Bc5 g4 26. Nf4 gxh3 27. Nxd5
hxg2 28. Kxg2 Qg4+ 29. Kf1 cxd5 30. Rce1 Qh3+ 31. Kg1 Re4 32. Rxe4 fxe4 33. Re3
Qh5 34. Qd2 Ra6 35. Rg3 Rg6 36. Qxa5 Rxg3+ 37. fxg3 Qd1+ 38. Kh2 Qe2+ 39. Kh3
Qh5+ 40. Kg2 Qf3+ 41. Kh2 Qh5+ 42. Kg2 Qf3+ 43. Kh2 1/2-1/2

[Event "XXXIV Festival Conca della Presolana Magistrale"]
[Site "Bratto - Castione della Presolana ITA"]
[Date "2014.08.24"]
[Round "3"]
[White "Hunt, Adam C."]
[Black "Rambaldi, Francesco"]
[WhiteElo "2428"]
[BlackElo "2444"]
[Result "1/2-1/2"]
[PlyCount "102"]
[EventDate "2014.08.22"]

1. e4 e6 2. d4 d5 3. Nc3 Nf6 4. Bg5 dxe4 5. Nxe4 Be7 6. Bxf6 gxf6 7. Qd3 Nc6 8.
O-O-O Nb4 9. Qf3 Nxa2+ 10. Kb1 Nb4 11. Bc4 c6 12. Ne2 f5 13. N4g3 Qd6 14. Bb3
a5 15. Nc3 Nd5 16. Bxd5 cxd5 17. Rhe1 Kf8 18. Nh5 Bd7 19. Re5 Rc8 20. Rde1 Bg5
21. Qd3 b5 22. f4 Bh4 23. g3 Bd8 24. g4 b4 25. Nd1 b3 26. cxb3 Bh4 27. R1e2 Qb4
28. Nc3 Qxb3 29. gxf5 Rg8 30. Ng3 exf5 31. Qe3 Rg6 32. Rd2 Rgc6 33. Nce2 Qb5
34. Qa3+ Kg8 35. Nxf5 Bxf5+ 36. Rxf5 Be1 37. Rg5+ Rg6 38. Qd3 Qd7 39. Rc2 Rxc2
40. Qxc2 Rxg5 41. fxg5 Qg4 42. Qd3 Qxg5 43. Qf3 Qg6+ 44. Ka2 Qe4 45. Qf1 Bb4
46. Qg1+ Kf8 47. Ng3 Qe6 48. Qb1 Kg8 49. Nf5 Qg6 50. Qc2 h5 51. Qd3 Bf8 1/2-1/2

[Event "XXXIV Festival Conca della Presolana Magistrale"]
[Site "Bratto - Castione della Presolana ITA"]
[Date "2014.08.24"]
[Round "3"]
[White "Janev, Evgeni"]
[Black "Harshal, Shahi"]
[WhiteElo "2439"]
[BlackElo "2159"]
[Result "1-0"]
[PlyCount "65"]
[EventDate "2014.08.22"]

1. e4 c5 2. Nf3 e6 3. Qe2 Nc6 4. g3 Nge7 5. Bg2 g6 6. O-O Bg7 7. c3 O-O 8. d4
cxd4 9. cxd4 d5 10. e5 Nf5 11. Rd1 Qb6 12. Be3 Nxe3 13. fxe3 Bd7 14. Nc3 Rac8
15. Kh1 Ne7 16. e4 Bc6 17. exd5 Nxd5 18. Ne4 Bh6 19. Nfg5 Ba4 20. Rd2 f5 21.
exf6 Nxf6 22. h4 Bb5 23. Qe3 Bc6 24. Nxf6+ Rxf6 25. Re1 Rd8 26. Qe5 Bxg2+ 27.
Kxg2 Qc6+ 28. Kh3 Bg7 29. Qe4 Qxe4 30. Rxe4 Rd6 31. Rde2 Rf1 32. Nxe6 Bf6 33.
Rc2 1-0